| 000 | 00600nam a22001817r 4500 | ||
|---|---|---|---|
| 003 | 3228 | ||
| 005 | 20260603150044.0 | ||
| 008 | 260603b sa ||||| |||| 00| 0 eng d | ||
| 020 |
_a9780798014849 _qHardcopy |
||
| 040 |
_aMPL _c3228 _erda |
||
| 082 | 0 | _aEKF WIL | |
| 100 |
_9147690 _aLeanne Williamson |
||
| 245 |
_aStep silently and you will see... _bAn educational book dealing with simple NUMBER COMBINATIONS up to and including 10 |
||
| 260 |
_aJohannesburg; _bEducum Publishers, _c1990 |
||
| 300 |
_a26 pages _bColour Illustrations _c22 cm |
||
| 490 | _aLearning the fun-way | ||
| 942 |
_2ddc _cBOOK _w377 _xLungile Vilakazi _y377 _zLungile Vilakazi |
||
| 999 |
_c799635 _d799634 |
||